10 największych miast Polski (ludność) w każdym województwie - Statystyki

Ogólne statystyki
  • Ten quiz został rozwiązany 44 razy
  • Średni wynik to 105 z 160
Statystyki odpowiedzi
Województwo Pozycja Miasto % Poprawnych
Pomorskie 1 Gdańsk
100%
Pomorskie 2 Gdynia
100%
Zachodniopomorskie 2 Koszalin
100%
Zachodniopomorskie 1 Szczecin
100%
Warmińsko-Mazurskie 2 Elbląg
97%
Zachodniopomorskie 4 Kołobrzeg
97%
Podlaskie 2 Suwałki
97%
Podlaskie 1 Białystok
95%
Łódzkie 1 Łódź
95%
Warmińsko-Mazurskie 1 Olsztyn
95%
Wielkopolskie 1 Poznań
95%
Lubuskie 2 Gorzów Wielkopolski
92%
Śląskie 1 Katowice
92%
Lubelskie 1 Lublin
92%
Opolskie 1 Opole
92%
Pomorskie 3 Słupsk
92%
Zachodniopomorskie 3 Stargard
92%
Dolnośląskie 1 Wrocław
92%
Lubuskie 1 Zielona Góra
92%
Kujawsko-pomorskie 1 Bydgoszcz
89%
Śląskie 2 Częstochowa
89%
Warmińsko-Mazurskie 3 Ełk
89%
Świętokrzyskie 1 Kielce
89%
Wielkopolskie 3 Piła
89%
Kujawsko-pomorskie 2 Toruń
89%
Małopolskie 1 Kraków
87%
Pomorskie 5 Rumia
87%
Podkarpackie 1 Rzeszów
87%
Mazowieckie 1 Warszawa
87%
Pomorskie 6 Wejherowo
87%
Śląskie 4 Gliwice
84%
Wielkopolskie 2 Kalisz
84%
Mazowieckie 2 Radom
84%
Zachodniopomorskie 5 Świnoujście
84%
Małopolskie 2 Tarnów
84%
Pomorskie 4 Tczew
84%
Dolnośląskie 2 Wałbrzych
84%
Śląskie 6 Zabrze
84%
Wielkopolskie 5 Konin
82%
Podlaskie 3 Łomża
82%
Łódzkie 2 Piotrków Trybunalski
82%
Śląskie 5 Bielsko-Biała
79%
Lubelskie 3 Chełm
79%
Dolnośląskie 4 Jelenia Góra
79%
Opolskie 2 Kędzierzyn-Koźle
79%
Podkarpackie 5 Krosno
79%
Świętokrzyskie 2 Ostrowiec Świętokrzyski
79%
Łódzkie 3 Pabianice
79%
Podkarpackie 3 Przemyśl
79%
Świętokrzyskie 5 Sandomierz
79%
Śląskie 3 Sosnowiec
79%
Lubelskie 2 Zamość
79%
Podlaskie 4 Augustów
76%
Łódzkie 6 Bełchatów
76%
Śląskie 7 Bytom
76%
Warmińsko-Mazurskie 4 Iława
76%
Kujawsko-pomorskie 5 Inowrocław
76%
Dolnośląskie 3 Legnica
76%
Pomorskie 10 Malbork
76%
Mazowieckie 3 Płock
76%
Lubelskie 5 Puławy
76%
Podkarpackie 6 Tarnobrzeg
76%
Wielkopolskie 6 Gniezno
74%
Kujawsko-pomorskie 4 Grudziądz
74%
Łódzkie 4 Tomaszów Mazowiecki
74%
Kujawsko-pomorskie 3 Włocławek
74%
Łódzkie 5 Zgierz
74%
Wielkopolskie 7 Leszno
71%
Dolnośląskie 5 Lubin
71%
Małopolskie 3 Nowy Sącz
71%
Opolskie 3 Nysa
71%
Mazowieckie 5 Pruszków
71%
Mazowieckie 4 Siedlce
71%
Lubelskie 4 Biała Podlaska
68%
Pomorskie 8 Chojnice
68%
Warmińsko-Mazurskie 6 Giżycko
68%
Mazowieckie 6 Legionowo
68%
Podkarpackie 2 Mielec
68%
Małopolskie 6 Nowy Targ
68%
Zachodniopomorskie 7 Police
68%
Łódzkie 7 Skierniewice
68%
Podkarpackie 4 Stalowa Wola
68%
Podkarpackie 7 Dębica
66%
Łódzkie 9 Kutno
66%
Pomorskie 7 Starogard Gdański
66%
Lubelskie 6 Świdnik
66%
Lubuskie 4 Żary
66%
Mazowieckie 8 Ostrołęka
63%
Wielkopolskie 4 Ostrów Wielkopolski
63%
Zachodniopomorskie 6 Szczecinek
63%
Śląskie 10 Tychy
63%
Opolskie 4 Brzeg
61%
Dolnośląskie 6 Głogów
61%
Lubelskie 7 Kraśnik
61%
Lubuskie 3 Nowa Sól
61%
Małopolskie 9 Wieliczka
61%
Podlaskie 8 Hajnówka
58%
Podkarpackie 8 Jarosław
58%
Warmińsko-Mazurskie 5 Ostróda
58%
Małopolskie 4 Oświęcim
58%
Łódzkie 8 Radomsko
58%
Śląskie 9 Ruda Śląska
58%
Śląskie 8 Rybnik
58%
Łódzkie 10 Sieradz
58%
Świętokrzyskie 4 Skarżysko-Kamienna
58%
Dolnośląskie 7 Świdnica
58%
Małopolskie 8 Bochnia
55%
Opolskie 5 Kluczbork
55%
Warmińsko-Mazurskie 10 Mrągowo
55%
Świętokrzyskie 3 Starachowice
55%
Lubuskie 6 Świebodzin
55%
Lubuskie 5 Żagań
55%
Podkarpackie 10 Jasło
53%
Mazowieckie 7 Piaseczno
53%
Podkarpackie 9 Sanok
53%
Zachodniopomorskie 8 Wałcz
53%
Kujawsko-pomorskie 6 Brodnica
50%
Świętokrzyskie 8 Jędrzejów
50%
Pomorskie 9 Kwidzyń
50%
Mazowieckie 10 Otwock
50%
Lubuskie 9 Słubice
50%
Podlaskie 5 Bielsk Podlaski
47%
Dolnośląskie 8 Bolesławiec
47%
Małopolskie 5 Chrzanów
47%
Zachodniopomorskie 10 Goleniów
47%
Podlaskie 6 Grajewo
47%
Warmińsko-Mazurskie 7 Kętrzyn
47%
Lubelskie 8 Łuków
47%
Lubuskie 8 Międzyrzecz
47%
Kujawsko-pomorskie 7 Świecie
47%
Podlaskie 7 Zambrów
47%
Zachodniopomorskie 9 Białogard
45%
Świętokrzyskie 6 Końskie
45%
Lubelskie 10 Lubartów
45%
Dolnośląskie 10 Oława
45%
Wielkopolskie 9 Września
45%
Lubelskie 9 Biłgoraj
42%
Świętokrzyskie 7 Busko-Zdrój
42%
Opolskie 9 Krapkowice
42%
Kujawsko-pomorskie 9 Nakło nad Notecią
42%
Opolskie 8 Namysłów
42%
Małopolskie 7 Olkusz
42%
Podlaskie 9 Sokółka
42%
Mazowieckie 9 Ząbki
42%
Lubuskie 7 Kostrzyn nad Odrą
39%
Dolnośląskie 9 Oleśnica
39%
Warmińsko-Mazurskie 8 Szczytno
39%
Świętokrzyskie 10 Pińczów
37%
Opolskie 7 Strzelce Opolskie
37%
Warmińsko-Mazurskie 9 Bartoszyce
34%
Kujawsko-pomorskie 8 Chełmno
34%
Opolskie 6 Prudnik
34%
Świętokrzyskie 9 Staszów
34%
Wielkopolskie 10 Krotoszyn
32%
Opolskie 10 Głuchołazy
29%
Małopolskie 10 Gorlice
29%
Kujawsko-pomorskie 10 Rypin
29%
Lubuskie 10 Gubin
26%
Wielkopolskie 8 Luboń
24%
Podlaskie 10 Łapy
21%
Nie znaleziono quizów pasujących do podanych kryteriów
Rozkład punktacji
Procent ludzi z każdym wynikiem
Percentyl według liczby udzielonych odpowiedzi
Twoja historia wyników
Nie rozwiązałeś tego quizu